000 00503nam a2200181Ia 4500
999 _c28102
_d28102
003 OSt
005 20201111113755.0
008 190216s9999||||xx |||||||||||||| ||und||
020 _a9788171807802
040 _coclc
082 _a894.8123
_bMOH/S
100 _aMohanavarma, K L
_96455
245 0 _aSukham /
_cK L Mohanavarma
260 _bPoorna Pubs,
_c2000.
_a Kozhikode:
300 _a71p
650 _aMalayalam Novel
942 _cBK
_2ddc
_h894.8123
_iMOH/S
_k894.8123
_mMOH/S